Statistiques concernant Culture Générale - Série 2011

Cliquez ici pour prendre le quiz!

Statistiques générales

  • Ce quiz a été pris 84 fois
  • Le résultat moyen est 4 sur 10

Statistiques - réponses

QuestionRéponse% Correct
Complétez le dicton : "Prudence est mère de ....sûreté
80%
Quel nom d'insecte volant utilise-t-on quand on est mélancolique, déprimé :" avoir le ....bourdon
79%
Qui a réalisé le film "Avatar" en 2009 ?James Cameron
71%
En pâtisserie, c'est un mets sucré, petit gâteau ou friandise, servi en fin de repas et qui accompagne souvent le café et les liqueurs.mignardise
39%
Quel est le nom du minerai dont on tire l'aluminium ?bauxite
29%
Cette plante herbacée est appelée aussi fenouil bâtard, faux anis, fenouil puant - 5 lettresaneth
28%
Dans la chaîne des Carpates, comment s'appellent les montagnes qui forment une frontière naturelle entre la Slovaquie et la Pologne ?Tatras
10%
Que signifie le mot latin "ictus" employé en médecine (Ictus apoplectique - ictus amnésique) ?crise
9%
La "nuisette" est une lingerie féminine de nuit que l'on appelle aussi ... (7 lettres commençant par " n")négligé
8%
Plante commune dans les prés, du genre renoncule, dite aussi herbe aux hémorroïdes - voir photoficaire
4%

Distribution des résultats

Percentile par nombre de réponses

% des personnes avec chaque résultat

Votre développement - résultats

Vous n’avez pas pris ce quiz